|
|
|
|
| LEADER |
01438nam a2200289 a 4500 |
| 001 |
006728749 |
| 003 |
BD-DhAAL |
| 005 |
20241230150740.0 |
| 008 |
090908s2006 enka 000 0 eng d |
| 020 |
|
|
|a 817596376x
|
| 040 |
|
|
|a StDuBDS
|d Uk
|
| 082 |
0 |
4 |
|a 428.2407
|2 22
|
| 100 |
1 |
|
|a Richards, Jack C.
|
| 245 |
1 |
0 |
|a New interchange :
|b English for international communication.
|n Student's book 3/
|c Jack C. Richards, with Jonathan Hull and Susan Proctor.
|
| 260 |
|
|
|a Cambridge ;
|b Cambridge University Press,
|a New Delhi :
|b Cambridge University Press India Pvt. Ltd.,
|c 2006.
|
| 300 |
|
|
|a (various pagings) :
|b col. ill., forms ;
|c 21 cm.
|
| 526 |
|
|
|x Ahmed Salehin Kaddri
Department of CFL(Present BIL).
Course name and no. N/A
|
| 541 |
1 |
|
|e 00019249
|a D.S. Books International
|
| 650 |
|
0 |
|a English language
|x Study and teaching
|x Foreign speakers.
|
| 650 |
|
0 |
|a English language
|x Textbooks for foreign speakers.
|
| 650 |
|
0 |
|a English language
|x Spoken English.
|
| 700 |
1 |
|
|a Hull, Jonathan,
|d 1949-
|
| 700 |
1 |
|
|a Proctor, Susan,
|d 1945-
|
| 852 |
4 |
|
|a Ayesha Abed Library
|j General shelf
|
| 942 |
|
|
|2 ddc
|c BK
|
| 999 |
|
|
|c 3881
|d 3881
|
| 952 |
|
|
|0 0
|1 0
|2 ddc
|4 0
|6 428_240700000000000_RIC_2006
|7 0
|9 3531
|a BRACUL
|b BRACUL
|c GEN
|d 2009-09-13
|e D.S. Books International
|g 3335.00
|l 3
|m 4
|o 428.2407 RIC
|p 3010019249
|r 2020-01-11
|s 2019-10-20
|t 1
|v 2032.00
|w 2009-09-13
|y BK
|x Requisitioned by Ahmed Salehin Kaddri Department of CFL(Present BIL).Course name and no.N/A
|